<?xml version="1.0" encoding="UTF-8"?>
<record
    xmlns:xsi="http://www.w3.org/2001/XMLSchema-instance"
    xsi:schemaLocation="http://www.loc.gov/MARC21/slim http://www.loc.gov/standards/marcxml/schema/MARC21slim.xsd"
    xmlns="http://www.loc.gov/MARC21/slim">

  <leader>01540nab a2200241uuc4500</leader>
  <controlfield tag="001">1277681</controlfield>
  <controlfield tag="005">20250205092308.0</controlfield>
  <controlfield tag="008">120326                             spa  </controlfield>
  <datafield tag="035" ind1=" " ind2=" ">
    <subfield code="a">1277681</subfield>
  </datafield>
  <datafield tag="035" ind1=" " ind2=" ">
    <subfield code="a">(OCoLC)820634295</subfield>
  </datafield>
  <datafield tag="040" ind1=" " ind2=" ">
    <subfield code="c">comduadb</subfield>
  </datafield>
  <datafield tag="041" ind1=" " ind2=" ">
    <subfield code="a">spa</subfield>
  </datafield>
  <datafield tag="100" ind1="1" ind2="0">
    <subfield code="a">Oros, Laura Beatriz</subfield>
    <subfield code="4">aut</subfield>
    <subfield code="e">aut</subfield>
    <subfield code="9">632332</subfield>
  </datafield>
  <datafield tag="245" ind1="1" ind2="0">
    <subfield code="a">Desarrollo de emociones positivas en la ni&#xF1;ez: lineamientos para la intervenci&#xF3;n escolar</subfield>
  </datafield>
  <datafield tag="520" ind1="3" ind2=" ">
    <subfield code="a">El texto aborda las emociones positivas que tienen la capacidad de influir sobre los procesos intelectuales, el razonamiento, la resoluci&#xF3;n de problemas y el procesamiento de la informaci&#xF3;n, la atenuaci&#xF3;n de la indisciplina y la optimizaci&#xF3;n de la interacci&#xF3;n social saludable. El objetivo de este art&#xED;culo es ofrecer lineamientos metodol&#xF3;gicos para el dise&#xF1;o y la instrumentaci&#xF3;n de pedagog&#xED;as que integren el desarrollo afectivo con el trabajo &#xE1;ulico cotidiano. Las estrategias definidas como conclusi&#xF3;n ser&#xE1;n eficaces para trabajar con docentes en una instancia deformaci&#xF3;n y para trabajar con ni&#xF1;os en la promoci&#xF3;n de las emociones positivas y el control de las negativas.</subfield>
  </datafield>
  <datafield tag="650" ind1=" " ind2=" ">
    <subfield code="a">Desarrollo emocional</subfield>
    <subfield code="9">314</subfield>
  </datafield>
  <datafield tag="650" ind1=" " ind2="7">
    <subfield code="a">Educaci&#xF3;n emocional</subfield>
    <subfield code="2">embne</subfield>
    <subfield code="9">106099</subfield>
  </datafield>
  <datafield tag="650" ind1=" " ind2="7">
    <subfield code="a">Gesti&#xF3;n de conflictos</subfield>
    <subfield code="2">embne</subfield>
    <subfield code="9">199219</subfield>
  </datafield>
  <datafield tag="700" ind1="1" ind2="0">
    <subfield code="a">Manucci, Vanesa</subfield>
    <subfield code="4">aut</subfield>
    <subfield code="e">aut</subfield>
    <subfield code="9">632333</subfield>
  </datafield>
  <datafield tag="700" ind1="1" ind2="0">
    <subfield code="a">Richaud de Minzi, Maria Cristina</subfield>
    <subfield code="4">aut</subfield>
    <subfield code="e">aut</subfield>
    <subfield code="9">521863</subfield>
  </datafield>
  <datafield tag="773" ind1="0" ind2=" ">
    <subfield code="t">Educaci&#xF3;n y Educadores (Bogot&#xE1;)</subfield>
    <subfield code="g">Vol. 14, No. 03, Sep.-Dic. 2011, p. 493-509</subfield>
    <subfield code="w">710525</subfield>
    <subfield code="x">0123-1294</subfield>
    <subfield code="0">220773</subfield>
  </datafield>
  <datafield tag="942" ind1=" " ind2=" ">
    <subfield code="c">ARIMP</subfield>
  </datafield>
  <datafield tag="999" ind1=" " ind2=" ">
    <subfield code="c">608561</subfield>
    <subfield code="d">608561</subfield>
  </datafield>
</record>
